[Event "Rheinland Pfalz Seniors op"]
[Site "Altenkirchen"]
[Date "2023.09.09"]
[Round "5"]
[White "Rokitta, Uwe"]
[Black "Lohaus, Herbert"]
[Result "1/2-1/2"]
[WhiteElo "1863"]
[BlackElo "1680"]
[PlyCount "56"]
[EventDate "2023.09.05"]
[EventType "swiss"]
[EventRounds "9"]
[EventCountry "GER"]
[SourceTitle "EXT 2024"]
[Source "ChessBase"]
[SourceDate "2023.10.10"]
[SourceVersion "1"]
[SourceVersionDate "2023.10.10"]
[SourceQuality "1"]

1. e4 d5 2. exd5 Qxd5 3. Nc3 Qa5 4. Bc4 Nf6 5. d3 c6 6. Bd2 Qc7 7. Qe2 Bf5 8. h3 e6 9. g4 Bg6 10. f4 Be7 11. Nf3 Nbd7 12. Nd4 0-0-0 13. Bxe6 fxe6 14. Nxe6 Qd6 15. Nxd8 Bxd8 16. 0-0-0 Re8 17. Qf3 Bf7 18. Rde1 Ba5 19. Rxe8+ Nxe8 20. Qf2 Bxc3 21. Bxc3 Qd5 22. Re1 Qxa2 23. Re7 Qd5 24. Qxa7 Nc7 25. b3 g6 26. Kb2 Nb5 27. Qa8+ Kc7 28. Be5+ Nd6 1/2-1/2